000 00561cam a2200193 4500500
005 20260329003314.0
041 _afre
042 _adc
100 1 0 _aEnjalbert, Cédric
_eauthor
245 0 0 _aInvisibles et trop confiants?
260 _c2015.
500 _a47
690 _aAngoisse
690 _aInvisibilité
690 _aPlaton
690 _aSociété
786 0 _nPhilosophie magazine | 90 | 6 | 2015-06-01 | p. 5-5 | 1951-1787
856 4 1 _uhttps://shs.cairn.info/magazine-philosophie-magazine-2015-6-page-5?lang=fr&redirect-ssocas=7080
999 _c1823378
_d1823378